Estudio de factibilidad para un edificio de estacionamiento en la Ciudad Universitaria Rodrigo Facio
Guardat en:
| Autor principal: | |
|---|---|
| Format: | Llibre |
| Publicat: |
San José, C.R.
2001
|
| Matèries: | |
| Etiquetes: |
Afegir etiqueta
Sense etiquetes, Sigues el primer a etiquetar aquest registre!
|
MARC
| LEADER | 00000nam a2200000Ia 4500 | ||
|---|---|---|---|
| 003 | 008821 | ||
| 005 | 20221231144159.0 | ||
| 008 | 140114s2001 cr a m 000 ||s d | ||
| 040 | |c cru CEDI | ||
| 090 | |a TFG 4380 | ||
| 100 | |a Piedra Acuña, Alonso |9 7639 | ||
| 245 | |a Estudio de factibilidad para un edificio de estacionamiento en la Ciudad Universitaria Rodrigo Facio | ||
| 260 | |c 2001 |a San José, C.R. | ||
| 300 | |a iv, 169 hojas (alguna plegables) : ilustraciones (algunas a color), | ||
| 500 | |a Tesis (licenciatura en ingeniería civil)--Universidad de Costa Rica. Facultad de Ingeniería. Escuela de Ingeniería Civil | ||
| 650 | |x ESTACIONAMIENTO DE AUTOMOVILES - DISEÑO Y CONSTRUCCION |9 7640 | ||
| 942 | |c TFG | ||
| 999 | |c 18059 |d 18059 | ||
